000 00540nam a2200181 i 4500
001 27246
003 ES-MaACL
005 20230906153602.0
007 t|
008 030114s1981 sp ||||1| spa d
100 1 _aAtkinson, A. B.
_923749
245 1 3 _aLa economía de la desigualdad /
_cA. B. Atkinson ; traducción... de Isabel Verdeja.
260 _aBarcelona :
_bCrítica,
_c[1981]
300 _a391 p. ;
_c20 cm.
650 0 4 _aRedistribución de la renta.
_916715
700 1 _aVerdeja, Isabel.
_9114015
852 _aES-MaACL
_jL-600
999 _c27246
_d27246